Accounting principles

Bibliographic Details
Main Authors: Weygandt, Jerry J. (Author), Kell, Walter Gerry , 1921- (Author), Kieso, Donald E. (Author)
Format: Book
Published: New York : John Wiley , 1987
Subjects:

MARC

LEADER 00000cam a2200000 7i4500
001 0000020607
005 20190516093000.0
008 021119s1987
020 |a 0471859273 
090 0 0 |a HF5635   |b .W35 1987 
100 0 |a Weygandt, Jerry J. ,   |e author 
245 1 0 |a Accounting principles   |c Jerry J. Weygandt, Donald E. Kieso, Walter G. Kell 
260 2 |a New York :   |b John Wiley ,   |c 1987 
300 |a xxviii, 1167 p. ;   |c 25 cm. 
504 |a Includes indexes 
650 0 |a Accounting 
700 1 |a Kell, Walter Gerry ,   |d 1921- ,   |e author 
700 1 |a Kieso, Donald E. ,   |e author 
999 |a 1000015082   |b Book   |c OPEN SHELF (30 DAYS)   |e Gong Badak Campus 
999 |a 1000015083   |b Book   |c OPEN SHELF (30 DAYS)   |e Gong Badak Campus